| 000 | 01075cam a22001934a 4500 | ||
|---|---|---|---|
| 005 | 20250605164115.0 | ||
| 008 | 250528s ||||||||||||||||||||||||d | ||
| 035 | _a18072 | ||
| 020 | _a130394718 | ||
| 040 |
_aGR-AtMCL _bgre _dGR-AtMCL _eAACR2 |
||
| 245 | 1 | _aBusiness Applications with Microcomputers / A Guidebook for Building Your Own System | |
| 260 |
_bYourdon Press, _c1990 |
||
| 300 | _a382 | ||
| 520 | _aThis book is a must for anyone involved with microcomputer systems. Foreword, Preface, Acknowledgements, Analysis and Definition, The Boss, Defining the Business Function, Tool Investigations, The Match, Project Management, Construction, Business Design, Technical Design, Building the System, Installation and Maintenance, Epilogue, The Mars Case Study, Mars Project Definition, Mars Business Design, Mars Technical Design, Appendices, Computer Aided Software Engineering (Case), Expert Systems, Communication Tools, Physical Transmission, Bibliography, Index. | ||
| 700 | 1 |
_aFollman Jeanne M _94355 |
|
| 942 | _cBK | ||
| 999 |
_c3459 _d3459 |
||